Narodowości w RP - Statystyki

Ogólne statystyki
  • Ten quiz został rozwiązany 1 248 razy
  • Średni wynik to 29 z 42
Statystyki odpowiedzi
Podpowiedź Odpowiedź % Poprawnych
21 tys. Niemcy
98%
190 tys. Ukraina
98%
36 - 38 mln. Polska
97%
12 tys. Rosja
96%
2 tys. Czechy
94%
21 tys. Białoruś
93%
2 tys. Litwa
93%
2 tys. Słowacja
93%
6 tys. Francja
87%
6 tys. Hiszpania
86%
3 tys. Szwecja
85%
9 tys. Chiny
84%
6 tys. Wielka Brytania
82%
8 tys. Włochy
82%
1 tys. Norwegia
81%
2 tys. Stany Zjednoczone
80%
2 tys. Węgry
80%
4 tys. Rumunia
79%
2 tys. Portugalia
78%
4 tys. Turcja
76%
1 tys. Austria
74%
1 tys. Grecja
73%
3 tys. Holandia
73%
1 tys. Dania
72%
2 tys. ________ oraz nieuznawane Nadniestrze Mołdawia
72%
1 tys. Belgia
70%
1 tys. Brazylia
70%
5 tys. Bułgaria
66%
1 tys. Kazachstan
62%
1 tys. Egipt
60%
1 tys. Irak
56%
4 tys. Gruzja
52%
2 tys. Korea Południowa
52%
3 tys. Armenia
48%
1 tys. Syria
48%
12 tys. Wietnam
47%
1 tys. Azerbejdżan
42%
1 tys. Pakistan
41%
2 tys. Uzbekistan
30%
1 tys. Bangladesz
23%
2 tys. Nepal
14%
9 tys. India
8%
Nie znaleziono quizów pasujących do podanych kryteriów
Rozkład punktacji
Procent ludzi z każdym wynikiem
Percentyl według liczby udzielonych odpowiedzi
Twoja historia wyników
Nie rozwiązałeś tego quizu